000 00973nam a2200265Ia 4500
003 OSt
005 20221005111701.0
006 a|||||r|||| 00| 0
007 ta
008 221004b |||||||| |||| 00| 0 hin d
024 _a31770
037 _cTextual
040 _aCRL
_cCRL
_bhin
041 _2hin
_ahin
082 _aP152:4k, M6
100 _aश्रीवास्तव, मुकुन्दीलाल
245 0 _aज्ञान शब्द कोश
_b शब्द संख्या 72555
246 _aJnyān shabda kosha: shabda sankhyā 72555
260 _aबनारस
_bज्ञानमण्डल लिमिटेड भारत
_c1983
300 _a1006पृ.
_ccm.
650 _a हिन्दी भाषा
650 _aहिन्दी शब्दकोश
942 _hP152:4k, M6
_cTEXL
_2cc
999 _c1022576
_d1022576